01106nam a2200277 a 450000100100000000500170001000800410002702000180006804000250008608200190011110000530013024501690018326000580035230000210041049000180043150400430044965000270049265000310051970000420055070000350059283000270062791000320065404900080068695201170069499900170081100001156320200929162507.0091021s2007 dr 001 0 spa d a9789505639120 aDO-SdBNPbspacBNPHU aA863.44bM288p1 aMansilla de García, Eduardad1838-1892.92738710aPablo o la vida en las pampas /cEduarda Mansilla de García; estudio preliminar y edición crítica de María Gabriela Mizraje; traducción Lucio V. Mansilla. aBuenos Aires :bBiblioteca Nacional:bColihue,c2007. a100 p. ;c21 cm.1 aLos rarosv13 aIncluye referencia al pie de páginas 4aNovela argentina93941 4aLiteratura argentina938601 aMizraje, María Gabrielaeed.9273881 aMansilla, Lucio V.etr.927389 0aLos raros ;v13927390 aCatalogación derivada /LC aBND 0010718PDaPDbPDcCTd2009-10-21iLF1l0oA863.44 M288pp11563-10r2020-06-25w2020-06-25yLFPDZNo se presta c11258d11258